Missing Word: Tonies Quiz Stats

 Plays Quiz Updated Apr 15, 2016

Challenge
Share
Tweet
Embed
Score 0/20 Timer 03:00
1 Play Today
Hint Answer % Correct
Tony Scott films (directed)Hills
97.5%
Tony-winning musicalsOpera
97.3%
Tony-winning musicalsRoof
96.2%
Tony-winning musicalsBook
93.7%
Toni Braxton songsHeart
93.3%
Tony-winning musicalsLine
88.5%
Tony Scott films (directed)Tide
86.5%
Toni Braxton songsWorld
85.4%
Tony Scott films (directed)Enemy
78.4%
Tony Scott films (directed)Days
77.3%
Hint Answer % Correct
Toni Braxton songsLove
69.9%
Toni Morrison booksSong
63.8%
Tony Scott films (directed)Scout
57.3%
Tony-winning musicalsLittle
56.7%
Toni Morrison booksEye
40%
Toni Morrison booksTar
15.9%
Toni Morrison booksHelp
14.3%
Toni Morrison booksPeople
11.2%
Toni Braxton songsHigh
9.7%
Toni Braxton songsSpanish
5.9%

Today's Daily Dose

Missing Word
TV CA - CZ

Quick Pick
Vowels

On This Day
July 23rd II

You're not logged in!

Compare scores with friends on all Sporcle quizzes.
Join for Free
OR
Log In

You Might Also Like...

Show Comments

Extras

Top Quizzes Today


Score Distribution

Your Account Isn't Verified!

In order to create a playlist on Sporcle, you need to verify the email address you used during registration. Go to your Sporcle Settings to finish the process.

Report this User

Report this user for behavior that violates our Community Guidelines.

Details: